Ecological studies Quantative methods in lanscape ecology: The analysis and interpretation of lanscape heterogeneity
This book seeks to meet this need by providing a conceptual framework and illustrating potential applications for methods such as pattern analysis, spatial statistics, fractals, spatial modelling, broad-scale studies, and extrapolation across scales
Kaydedildi:
| Yazar: | |
|---|---|
| Materyal Türü: | Kitap |
| Dil: | Undetermined |
| Baskı/Yayın Bilgisi: |
New York
Springer-Verlag
1991
|
| Konular: | |
| Etiketler: |
Etiketle
Etiket eklenmemiş, İlk siz ekleyin!
|
| Thư viện lưu trữ: | Trung tâm Học liệu Trường Đại học Cần Thơ |
|---|
| LEADER | 00936nam a2200217Ia 4500 | ||
|---|---|---|---|
| 001 | CTU_13504 | ||
| 008 | 210402s9999 xx 000 0 und d | ||
| 082 | |a 574.5 | ||
| 082 | |b T949/Vol.82 | ||
| 100 | |a Turner, Monica G | ||
| 245 | 0 | |a Ecological studies | |
| 245 | 0 | |b Quantative methods in lanscape ecology: The analysis and interpretation of lanscape heterogeneity | |
| 245 | 0 | |c Monica G Turner, Robert H Gardner | |
| 260 | |a New York | ||
| 260 | |b Springer-Verlag | ||
| 260 | |c 1991 | ||
| 520 | |a This book seeks to meet this need by providing a conceptual framework and illustrating potential applications for methods such as pattern analysis, spatial statistics, fractals, spatial modelling, broad-scale studies, and extrapolation across scales | ||
| 650 | |a lanscape ecology,lanscape ecology | ||
| 650 | |x methodology,simulation methods | ||
| 904 | |i Minh, 961205 | ||
| 980 | |a Trung tâm Học liệu Trường Đại học Cần Thơ | ||